Analýza zdrojov pracovných síl a ich využitia v okrese Stará Ľubovňa v rokoch 1970-1985 záverečná práca postgraduálneho štúdia

Saved in:
Bibliographic Details
Main Author: Murdzová, Jana
Corporate Author: Vysoká škola ekonomická v Bratislave
Other Authors: Kozíková, Emília
Format: Book
Language:Slovak
Published: Bratislava 1987
Tags: Add Tag
No Tags, Be the first to tag this record!

MARC

LEADER 00000nam a2200000 4500
001 c023286
005 20221219094301.6
041 0 |a slo 
044 |a SK 
245 1 0 |a Analýza zdrojov pracovných síl a ich využitia v okrese Stará Ľubovňa v rokoch 1970-1985  |b záverečná práca postgraduálneho štúdia  |c Jana Murdzová ; Ved. práce Emília Kozíková 
264 1 |a Bratislava  |c 1987 
300 |a 49 s. 
100 1 |a Murdzová, Jana 
700 1 |a Kozíková, Emília 
710 2 |a Vysoká škola ekonomická v Bratislave